[Event "East Lansing (MOR/6/21)"]
[Site "?"]
[Date "1995.??.??"]
[Round "?"]
[White "Horton, Deon"]
[Black "Saenz, Scott"]
[Result "1-0"]
[WhiteElo "1795"]
[BlackElo "1605"]
[PlyCount "41"]
[EventDate "1995.??.??"]

{6/(21)} 1. e4 c5 2. Nf3 d6 3. d4 cxd4 4. Qxd4 Nc6 5. Bb5 Qa5+ 6. Nc3 Bd7 7.
Bxc6 Bxc6 8. O-O Nf6 9. e5 Bxf3 10. exf6 exf6 11. Qe3+ Be7 12. Qxf3 Qa6 13. Re1
Rd8 14. Nd5 Rd7 15. Bf4 h5 16. Qg3 Kf8 17. Nxe7 h4 18. Qg4 Qb5 19. Bxd6 Rd8 20.
Nf5+ Kg8 21. Qxg7# 1-0

[Event "East Lansing (MOR/3/14)"]
[Site "?"]
[Date "1995.??.??"]
[Round "?"]
[White "Horton, Deon"]
[Black "Rosebrook, G."]
[Result "1-0"]
[WhiteElo "1795"]
[BlackElo "1605"]
[PlyCount "39"]
[EventDate "1995.??.??"]

{3/(14)} 1. e4 c5 2. Nf3 Nf6 3. Nc3 e6 4. d4 g6 5. Bg5 d6 6. dxc5 h6 7. Bxf6
Qxf6 8. cxd6 e5 9. Nb5 Na6 10. Qd5 Kd7 11. Nxe5+ Kd8 12. Nxf7+ Kd7 13. e5 Nb4
14. e6+ Qxe6+ 15. Qxe6+ Kxe6 16. Nxh8 Bg7 17. Kd2 Bxh8 18. c3 Nd5 19. Bc4 Be5
20. Bxd5+ 1-0

[Event "East Lansing (Class B/3/6)"]
[Site "?"]
[Date "1995.??.??"]
[Round "?"]
[White "Horton, Deon"]
[Black "Nicolli, Randy"]
[Result "0-1"]
[WhiteElo "1755"]
[BlackElo "1745"]
[PlyCount "90"]
[EventDate "1995.??.??"]

{3/(6)} 1. e4 e5 2. Nf3 Nc6 3. Bb5 a6 4. Ba4 b5 5. Bb3 d6 6. c3 Be7 7. h3 Nf6
8. Bc2 h6 9. O-O O-O 10. d3 Be6 11. Be3 Nh7 12. d4 exd4 13. Nxd4 Nxd4 14. cxd4
d5 15. Qd3 dxe4 16. Qxe4 Nf6 17. Qf3 Bd5 18. Qe2 Bd6 19. Nc3 Bc4 20. Bd3 Bxd3
21. Qxd3 Re8 22. Rfd1 Re7 23. a3 Qd7 24. Rac1 Rae8 25. b4 Nh5 26. Ne2 f5 27.
Rc2 Qe6 28. Qd2 g5 29. d5 Qe5 30. Kf1 Qh2 31. Ng1 Ng3+ 32. fxg3 Rxe3 33. Nf3
Qxg3 34. Ra2 Bf4 35. Qf2 g4 36. hxg4 fxg4 37. Nd4 Qh2 38. Ne6 Qh1+ 39. Qg1
Qxg1+ 40. Kxg1 Bd6 41. Kf2 Re4 42. Rc2 Re7 43. Rh1 Rf7+ 44. Nf4 Rfxf4+ 45. Kg3
Rf1+ 0-1

[Event "East Lansing (MOR/1a/1)"]
[Site "?"]
[Date "1995.??.??"]
[Round "?"]
[White "Horton, Deon"]
[Black "Mahabir, Jagdesh"]
[Result "1-0"]
[WhiteElo "1795"]
[BlackElo "1605"]
[PlyCount "43"]
[EventDate "1995.??.??"]

1. e4 d6 2. d4 Nf6 3. Nc3 g6 4. Be2 Bg7 5. Be3 O-O 6. Qd2 e5 7. Nf3 exd4 8.
Nxd4 Be6 9. O-O-O Qd7 10. Bh6 Nc6 11. Bxg7 Kxg7 12. h4 Ng4 13. Bxg4 Bxg4 14. f3
Be6 15. h5 a6 16. hxg6 fxg6 17. Qh6+ Kg8 18. Nxe6 Rf6 19. Ng5 Re8 20. Nd5 Rff8
21. Nxh7 Rf7 22. Nhf6+ 1-0

[Event "East Lansing (Class B/5/10)"]
[Site "?"]
[Date "1995.??.??"]
[Round "?"]
[White "Horton, Deon"]
[Black "Grzegorczyk, Ron"]
[Result "1-0"]
[WhiteElo "1755"]
[BlackElo "1615"]
[PlyCount "99"]
[EventDate "1995.??.??"]

{5/(10)} 1. e4 c5 2. Nf3 Nc6 3. d4 cxd4 4. Nxd4 e6 5. c4 d6 6. Be2 Be7 7. Nc3
Nf6 8. a3 O-O 9. O-O a6 10. b4 Bd7 11. f4 e5 12. Nf3 exf4 13. Bxf4 Ng4 14. Nd5
Nge5 15. b5 Nxf3+ 16. gxf3 Ne5 17. Be3 Bh3 18. Nxe7+ Qxe7 19. Rf2 Qe6 20. Qd5
Qxd5 21. cxd5 f5 22. bxa6 bxa6 23. Bd4 fxe4 24. fxe4 Rxf2 25. Kxf2 Rf8+ 26. Kg3
Bc8 27. Rf1 Re8 28. Rb1 Nd7 29. Kf4 Nc5 30. Bxc5 dxc5 31. Rb6 Rf8+ 32. Ke3 Rf6
33. d6 Kf7 34. e5 Rh6 35. Bc4+ Ke8 36. Rb8 Kd7 37. e6+ Kxd6 38. Rxc8 Rh3+ 39.
Kf2 Rxh2+ 40. Kg3 Rc2 41. Rd8+ Ke7 42. Rd7+ Ke8 43. Bxa6 Rc3+ 44. Kf4 Rxa3 45.
Bb5 Rb3 46. Rb7+ Kd8 47. e7+ Kc8 48. Ba6 Rxb7 49. e8=Q+ Kc7 50. Qe7+ 1-0

[Event "Lansing (Mini-Swiss.1/2)"]
[Site "?"]
[Date "1995.??.??"]
[Round "?"]
[White "Horton, Deon"]
[Black "Fuller, William"]
[Result "0-1"]
[WhiteElo "1885"]
[BlackElo "2070"]
[PlyCount "96"]
[EventDate "1995.??.??"]

{1/(2)} 1. e4 c5 2. g3 d5 3. Bg2 dxe4 4. Bxe4 Nf6 5. Bg2 Nc6 6. Nc3 Nd4 7. Nge2
Bg4 8. Bxb7 Nd5 9. Nxd4 Bxd1 10. Bc6+ Qd7 11. Bxd7+ Kxd7 12. Nxd5 Bh5 13. Nf4
cxd4 14. Nxh5 e5 15. d3 f5 16. g4 f4 17. Nxf4 exf4 18. Bxf4 Bb4+ 19. Bd2 Rae8+
20. Kd1 Bd6 21. c3 Rhf8 22. Be1 Rf3 23. Kd2 Bf4+ 24. Kc2 Re2+ 25. Kb3 dxc3 26.
bxc3 Rxd3 27. Kc4 Rd6 28. h4 a5 29. a4 Kc6 30. Rh3 Rde6 31. Rf3 Bd6 32. Re3
Re4+ 33. Kd3 R2xe3+ 34. fxe3 Rxg4 35. c4 Rg1 36. Rd1 Bb4 37. Ke2 Bxe1 38. Rxe1
Rxe1+ 39. Kxe1 Kc5 40. Kd2 Kxc4 41. h5 g6 42. h6 g5 43. Ke2 Kb4 44. e4 Kxa4 45.
e5 Kb5 46. Kd3 Kc6 47. Kd4 g4 48. Ke4 a4 0-1

[Event "East Lansing (Class B/1/5)"]
[Site "?"]
[Date "1995.??.??"]
[Round "?"]
[White "Horton, Deon"]
[Black "Foord, Allan"]
[Result "0-1"]
[WhiteElo "1755"]
[BlackElo "1665"]
[PlyCount "144"]
[EventDate "1995.??.??"]

{1/(5)} 1. e4 c5 2. Nf3 d6 3. g3 Nf6 4. d3 Nc6 5. Bg2 e6 6. O-O Be7 7. Nbd2 Qc7
8. a4 d5 9. Re1 O-O 10. Nf1 dxe4 11. dxe4 Rd8 12. Qe2 b6 13. c3 Bb7 14. Bg5 h6
15. Bxf6 Bxf6 16. e5 Be7 17. Rad1 Rac8 18. h4 Na5 19. N1h2 Qc6 20. Qc2 c4 21.
Ng4 Nb3 22. Ne3 Rxd1 23. Rxd1 Qxa4 24. Ng5 hxg5 25. Bxb7 Rd8 26. Rxd8+ Bxd8 27.
Qe4 Nc5 28. Qc6 Qxc6 29. Bxc6 gxh4 30. gxh4 Bxh4 31. Nxc4 Nd3 32. f3 Bg3 33.
Kf1 Nxe5 34. Nxe5 Bxe5 35. Ke2 g5 36. Ke3 Kg7 37. Ke4 Kf6 38. Be8 Bf4 39. b4
Ke7 40. Bb5 Kd6 41. Kd4 f5 42. Bd3 g4 43. fxg4 fxg4 44. c4 e5+ 45. Kc3 g3 46.
Be4 a5 47. c5+ bxc5 48. bxa5 Kc7 49. Kd3 Kb8 50. Ke2 Ka7 51. Bd3 e4 52. Bxe4
Ka6 53. Kd3 Kxa5 54. Kc4 Be3 55. Bg2 Ka4 56. Bc6+ Ka3 57. Kc3 Bd4+ 58. Kc2 Kb4
59. Kd3 Bf2 60. Bd5 c4+ 61. Kc2 Kc5 62. Bg2 Kd4 63. Bh1 Be1 64. Kd1 Bf2 65. Kc2
Be3 66. Bg2 c3 67. Bf3 Bd2 68. Bg2 Ke3 69. Bd5 Kf2 70. Kd1 g2 71. Bxg2 Kxg2 72.
Kc2 Kg3 0-1

[Event "East Lansing (MOR/5/19)"]
[Site "?"]
[Date "1995.??.??"]
[Round "?"]
[White "Horton, Deon"]
[Black "Charette, K."]
[Result "1/2-1/2"]
[WhiteElo "1795"]
[BlackElo "1605"]
[PlyCount "94"]
[EventDate "1995.??.??"]

{5/(19)} 1. e4 e5 2. Nf3 Nf6 3. Nxe5 d6 4. Nf3 Nxe4 5. d4 d5 6. Bd3 Bg4 7. O-O
Nf6 8. Re1+ Be7 9. Bg5 O-O 10. h3 Bh5 11. Nbd2 Nbd7 12. g4 Bg6 13. Qe2 Re8 14.
c3 c5 15. Ne5 Bd6 16. f4 Bxd3 17. Qxd3 cxd4 18. Nxd7 Qxd7 19. Bxf6 gxf6 20.
Qxd4 b6 21. Qxf6 Bc5+ 22. Kg2 d4 23. Nf3 dxc3 24. Rad1 Qb5 25. Qxc3 Re2+ 26.
Kh1 Qxb2 27. Qd3 Rxe1+ 28. Rxe1 Qxa2 29. Ng5 Kf8 30. Nxh7+ Kg7 31. Ng5 Kf8 32.
Ne4 Re8 33. Re2 Qa1+ 34. Kg2 Qg1+ 35. Kf3 Qf1+ 36. Nf2 Qxe2+ 37. Qxe2 Rxe2 38.
Kxe2 Bxf2 39. Kxf2 a5 40. Ke2 b5 41. Kd2 b4 42. Kc2 a4 43. g5 a3 44. h4 Kg7 45.
h5 Kh7 46. f5 Kh8 47. Kb3 Kh7 1/2-1/2

[Event "Detroit (MI Action/6/21)"]
[Site "?"]
[Date "1995.??.??"]
[Round "?"]
[White "Horne, Terese"]
[Black "Tarrance, J."]
[Result "0-1"]
[WhiteElo "1605"]
[BlackElo "1605"]
[PlyCount "45"]
[EventDate "1995.??.??"]

{6/(21)} 1. e3 e5 2. Bc4 Bb4 3. Qf3 Nh6 4. c3 Bc5 5. d4 exd4 6. cxd4 Bb4+ 7.
Bd2 Bxd2+ 8. Nxd2 d5 9. Bxd5 Nf5 10. Qe4+ Ne7 11. Ngf3 Bf5 12. Qe5 O-O 13. Nh4
Nxd5 14. Qg3 Nb6 15. O-O Nd5 16. e4 Nf4 17. exf5 Ne2+ 18. Kh1 Nxg3+ 19. hxg3
Qxd4 20. Rad1 Qxb2 21. Nhf3 Qxa2 22. Ra1 Qb2 23. Rfe1 0-1

[Event "Ann Arbor (MI Women/3/5)"]
[Site "?"]
[Date "1995.??.??"]
[Round "?"]
[White "Horne, Terese"]
[Black "Raupp, Sarah"]
[Result "0-1"]
[WhiteElo "1605"]
[BlackElo "1605"]
[PlyCount "50"]
[EventDate "1995.??.??"]

{3/(5)} 1. e3 e6 2. Nc3 f5 3. d3 Bb4 4. e4 Ne7 5. a3 Bxc3+ 6. bxc3 b6 7. exf5
Nxf5 8. Qh5+ g6 9. Qe2 Bb7 10. h4 Nxh4 11. g3 Bxh1 12. gxh4 Qxh4 13. Nf3 Bxf3
14. Qxf3 Nc6 15. Bf4 O-O-O 16. d4 Rhf8 17. Qg3 Qxf4 18. Qxf4 Rxf4 19. d5 Re4+
20. Be2 Ne5 21. f3 Nxf3+ 22. Kf1 Nh2+ 23. Kg2 Rxe2+ 24. Kg3 Rf8 25. Rh1 Rf3+
0-1

[Event "Detroit (MI Action/2/21)"]
[Site "?"]
[Date "1995.??.??"]
[Round "?"]
[White "Horne, Terese"]
[Black "Mahabir, Naresh"]
[Result "0-1"]
[WhiteElo "1605"]
[BlackElo "1605"]
[PlyCount "22"]
[EventDate "1995.??.??"]

{2/(21)} 1. e3 e5 2. Nc3 Nf6 3. Nf3 Nc6 4. Bc4 Bc5 5. O-O d6 6. d4 Bb4 7. a3
Bxc3 8. bxc3 O-O 9. Nh4 Ng4 10. Qf3 Qxh4 11. Bd5 Qxh2# 0-1

[Event "Ann Arbor (MI Women/1/4)"]
[Site "?"]
[Date "1995.??.??"]
[Round "?"]
[White "Horne, Terese"]
[Black "Jackson, K."]
[Result "0-1"]
[WhiteElo "1605"]
[BlackElo "1605"]
[PlyCount "38"]
[EventDate "1995.??.??"]

{1/(4)} 1. e3 e6 2. Nc3 d5 3. Nf3 c5 4. Bb5+ Bd7 5. Ne5 Nc6 6. Nxd7 Qxd7 7.
Bxc6 bxc6 8. O-O Nf6 9. Qe2 Be7 10. e4 O-O 11. Re1 dxe4 12. Nxe4 Nxe4 13. Qxe4
Rab8 14. Re3 Rb4 15. c4 Qd4 16. Qf3 Rxc4 17. b3 Qxa1 18. d3 Rxc1+ 19. Re1 Rxe1#
0-1

[Event "Detroit (MI Action/4/20)"]
[Site "?"]
[Date "1995.??.??"]
[Round "?"]
[White "Horne, Terese"]
[Black "Goerke, Jesse"]
[Result "0-1"]
[WhiteElo "1605"]
[BlackElo "1605"]
[PlyCount "44"]
[EventDate "1995.??.??"]

{4/(20)} 1. e3 c5 2. Nc3 Nc6 3. Nf3 g6 4. g3 Bg7 5. Bh3 Nf6 6. O-O O-O 7. Qe2
b6 8. b3 Ne4 9. d3 Nxc3 10. Qd2 Ne2+ 11. Qxe2 Bxa1 12. c3 Bxc3 13. Ne1 Ne5 14.
f4 Bxe1 15. Rxe1 Nc6 16. Bb2 d6 17. Qc2 Bxh3 18. Qc3 f6 19. e4 Na5 20. e5 Qc7
21. b4 Qc6 22. bxa5 Qg2# 0-1

[Event "Detroit (MI Action/5/20)"]
[Site "?"]
[Date "1995.??.??"]
[Round "?"]
[White "Hooker, Larry"]
[Black "Taylor, Walt"]
[Result "1/2-1/2"]
[WhiteElo "1605"]
[BlackElo "1605"]
[PlyCount "124"]
[EventDate "1995.??.??"]

{5/(20)} 1. e4 e5 2. Nf3 Nc6 3. Nc3 Nf6 4. Bb5 a6 5. Bxc6 bxc6 6. Nxe5 d5 7.
exd5 cxd5 8. Nd3 Ne4 9. Nxe4 dxe4 10. Nf4 Bd6 11. d3 exd3 12. Qxd3 O-O 13. O-O
Bxf4 14. Qxd8 Rxd8 15. Bxf4 c6 16. Rfe1 Bf5 17. c3 h6 18. Re2 g5 19. Bc7 Rd7
20. Bb6 Rb8 21. Bd4 Bd3 22. Re3 Bg6 23. Rae1 Rdd8 24. Bf6 Rdc8 25. b4 Bh5 26.
Be5 Rb5 27. Bd4 a5 28. bxa5 Rxa5 29. h3 c5 30. Bf6 Rxa2 31. g4 Ra6 32. Re8+
Rxe8 33. Rxe8+ Kh7 34. Rh8+ Kg6 35. Be7 Kg7 36. Rc8 Bg6 37. Bxc5 h5 38. gxh5
Bxh5 39. Bd4+ Kg6 40. c4 Bf3 41. Kh2 Kf5 42. Kg3 Ke4 43. c5 Kxd4 44. Kxf3 Kd5
45. Kg4 f6 46. Kf5 Ra2 47. Kxf6 Rxf2+ 48. Kxg5 Ke6 49. Rc6+ Kd7 50. Rf6 Rc2 51.
h4 Rxc5+ 52. Kg6 Ke7 53. Rf7+ Ke8 54. Kg7 Rh5 55. Rf4 Ke7 56. Kg6 Rh8 57. h5
Ke6 58. Rf6+ Ke7 59. Rf2 Rf8 60. Rh2 Rf6+ 61. Kg5 Kf7 62. h6 Rg6+ 1/2-1/2

[Event "Detroit (MI Action/6/18)"]
[Site "?"]
[Date "1995.??.??"]
[Round "?"]
[White "Hooker, Larry"]
[Black "Goerke, Daniel"]
[Result "1-0"]
[WhiteElo "1605"]
[BlackElo "1605"]
[PlyCount "37"]
[EventDate "1995.??.??"]

{6/(18)} 1. e4 e5 2. Nf3 Nc6 3. Nc3 Bb4 4. Bb5 Nge7 5. O-O Bxc3 6. bxc3 O-O 7.
Ba3 a6 8. Bxc6 dxc6 9. Ng5 h6 10. Nf3 Bg4 11. d3 Bxf3 12. Qxf3 Re8 13. Bc1 Ng6
14. Qg3 Nh4 15. Bxh6 Qf6 16. Bg5 Qd6 17. Bxh4 Qa3 18. Bf6 Kf8 19. Qxg7# 1-0

[Event "Detroit (MI Action/1/20)"]
[Site "?"]
[Date "1995.??.??"]
[Round "?"]
[White "Hooker, Larry"]
[Black "Gentry, Bronson"]
[Result "0-1"]
[WhiteElo "1605"]
[BlackElo "1605"]
[PlyCount "64"]
[EventDate "1995.??.??"]

{1/(20)} 1. d4 c5 2. Nf3 cxd4 3. Nxd4 Nc6 4. Nxc6 bxc6 5. Bf4 Nf6 6. g3 Ng4 7.
Bg2 Qb6 8. O-O Qxb2 9. Nd2 Ba6 10. Bh3 Nf6 11. Bg5 e6 12. Bxf6 gxf6 13. Ne4 Be7
14. Qd2 d5 15. Nc3 Bb4 16. Na4 Qxa1 17. Rxa1 Bxd2 18. Nc5 Bxe2 19. Rb1 O-O 20.
Nd7 Rfd8 21. Nxf6+ Kg7 22. Ng4 Rab8 23. Rxb8 Rxb8 24. Ne5 Rb1+ 25. Kg2 Bf1+ 26.
Kf3 Bxh3 27. Nxc6 f5 28. Nxa7 e5 29. a4 Bg5 30. a5 Re1 31. g4 fxg4+ 32. Kg3
Rg1# 0-1

[Event "Detroit (CMS Jun/1/4/2)"]
[Site "?"]
[Date "1995.??.??"]
[Round "?"]
[White "Hooker, Larry"]
[Black "Fleshman, Justin"]
[Result "0-1"]
[WhiteElo "1605"]
[BlackElo "1605"]
[PlyCount "66"]
[EventDate "1995.??.??"]

{1/4} 1. e4 e5 2. Nf3 Nc6 3. Bc4 Bc5 4. d3 d6 5. Qd2 Nd4 6. Ng5 Nh6 7. Nc3 c6
8. Qe3 Nxc2+ 9. Ke2 Nxe3 10. Bxe3 Bxe3 11. Kxe3 Qxg5+ 12. Ke2 Bg4+ 13. f3 Be6
14. Rag1 Bxc4 15. dxc4 O-O-O 16. g3 g6 17. h4 Qf6 18. Na4 c5 19. a3 g5 20. hxg5
Qxg5 21. Rh3 Rhg8 22. Rgh1 Rg6 23. Nc3 a6 24. Nd5 b5 25. Nb6+ Kb7 26. Nd5 bxc4
27. Rc1 Qxc1 28. Ne7 Qxb2+ 29. Ke1 Qg2 30. Rh5 Qxg3+ 31. Kd1 Qxf3+ 32. Kc2 Rg2+
33. Kc1 Qf1# 0-1

[Event "East Lansing (MOR/1b/20)"]
[Site "?"]
[Date "1995.??.??"]
[Round "?"]
[White "Hogarth, Frank"]
[Black "Wright, Walter"]
[Result "0-1"]
[WhiteElo "1605"]
[BlackElo "1605"]
[PlyCount "70"]
[EventDate "1995.??.??"]

1. e4 c5 2. Bc4 Nc6 3. Nf3 h6 4. d3 d6 5. Nc3 Nf6 6. h3 e6 7. O-O Be7 8. Re1
O-O 9. a3 a6 10. Be3 d5 11. exd5 exd5 12. Bb3 d4 13. Nxd4 cxd4 14. Bf4 dxc3 15.
bxc3 Bd6 16. Bg3 Bxg3 17. fxg3 Re8 18. Qd2 Ne5 19. Qf4 Ng6 20. Qf3 Rb8 21. Rad1
Qb6+ 22. d4 Bd7 23. c4 Bc6 24. Qd3 Be4 25. Qc3 Qc7 26. c5 Nd5 27. Bxd5 Bxd5 28.
Rd3 Re7 29. h4 Rbe8 30. Rdd1 Qc6 31. Qa5 Bxg2 32. Qd2 Bf3 33. Rc1 Re2 34. Qd3
Bg4 35. d5 Qxc5+ 0-1

[Event "Gaylord (NMO/5/20)"]
[Site "?"]
[Date "1995.??.??"]
[Round "?"]
[White "Hogarth, Frank"]
[Black "Smalec, Joseph"]
[Result "0-1"]
[WhiteElo "1605"]
[BlackElo "1605"]
[PlyCount "74"]
[EventDate "1995.??.??"]

{5/(20)} 1. e4 c5 2. e5 e6 3. d4 d6 4. f4 dxe5 5. c3 exd4 6. Qd2 Nf6 7. Bd3 Nc6
8. Nf3 Be7 9. O-O dxc3 10. Nxc3 O-O 11. Ng5 h6 12. Nge4 Qd4+ 13. Kh1 Nxe4 14.
Nxe4 c4 15. Rf3 cxd3 16. Qxd3 Qxd3 17. Rxd3 Rd8 18. Rd2 Nd4 19. b3 Nc2 20. Rb1
Rxd2 21. Bxd2 e5 22. fxe5 Bf5 23. Ng3 Nd4 24. Be3 Bxb1 25. Bxd4 Rc8 26. h3 Bg5
27. Nh5 g6 28. Nf6+ Kg7 29. g3 Rd8 30. Bxa7 Bxf6 31. Bb6 Rd1+ 32. Kg2 Bxe5 33.
a3 Be4+ 34. Kf2 h5 35. Ke2 Rd6 36. Bc7 Re6 37. Ke3 Bxc7 0-1

[Event "East Lansing (MOR/3/44)"]
[Site "?"]
[Date "1995.??.??"]
[Round "?"]
[White "Hogarth, Frank"]
[Black "Ryskamp, John"]
[Result "0-1"]
[WhiteElo "1605"]
[BlackElo "1605"]
[PlyCount "62"]
[EventDate "1995.??.??"]

{3/(44)} 1. e4 e6 2. e5 c5 3. Bc4 Nc6 4. f4 d5 5. exd6 Bxd6 6. d3 Nge7 7. Nf3
O-O 8. d4 cxd4 9. Nxd4 Qc7 10. Nf3 Bxf4 11. Bxf4 Qxf4 12. Nc3 Qxc4 13. Qd2 e5
14. b3 Qe6 15. O-O Rd8 16. Qe2 f6 17. Nb5 Nd5 18. Nfd4 Nxd4 19. Nxd4 exd4 20.
Qxe6+ Bxe6 21. Rad1 Ne3 22. Rd2 Nxf1 23. Kxf1 Rac8 24. Re2 Kf7 25. Kf2 Bf5 26.
h3 Rxc2 27. g4 Rxe2+ 28. Kxe2 Be6 29. Kd3 g6 30. Ke4 d3 31. Kf4 d2 0-1

[Event "East Lansing (MOR/5/43)"]
[Site "?"]
[Date "1995.??.??"]
[Round "?"]
[White "Hogarth, Frank"]
[Black "Roberts, Andy"]
[Result "0-1"]
[WhiteElo "1605"]
[BlackElo "1605"]
[PlyCount "42"]
[EventDate "1995.??.??"]

{5/(43)} 1. e4 e5 2. Nf3 Nc6 3. a3 Nf6 4. Nc3 Bc5 5. Qe2 d6 6. h3 Be6 7. Ng5
Nd4 8. Qd3 Qd7 9. Be2 h6 10. Qg3 Nxc2+ 11. Kf1 Nxa1 12. Bb5 c6 13. Be2 hxg5 14.
Qxg5 Rg8 15. Qh4 Nb3 16. Bg4 Nxc1 17. Ne2 Nd3 18. Ng3 Nxf2 19. Qg5 Nxh1 20. Nh5
Nxh5 21. Qxh5 Ng3+ 0-1

[Event "Gaylord (NMO/4/21)"]
[Site "?"]
[Date "1995.??.??"]
[Round "?"]
[White "Hogarth, Frank"]
[Black "Paul, Dennis"]
[Result "0-1"]
[WhiteElo "1605"]
[BlackElo "1605"]
[PlyCount "46"]
[EventDate "1995.??.??"]

{4/(21)} 1. e4 Nc6 2. d4 e6 3. e5 d5 4. c3 h6 5. Bd3 Be7 6. Qg4 Bg5 7. Qf3 Bxc1
8. Qe2 f6 9. Qh5+ Kd7 10. Qf7+ Qe7 11. Qh5 fxe5 12. Na3 Bxb2 13. Rd1 Bxc3+ 14.
Kf1 e4 15. Bb5 a6 16. Bxc6+ bxc6 17. Nb1 Bb2 18. Ne2 Qf6 19. Qe5 Qxe5 20. dxe5
Bxe5 21. g3 a5 22. Kg2 Nf6 23. Rhf1 Ba6 0-1

[Event "Gaylord (NMO/1/20)"]
[Site "?"]
[Date "1995.??.??"]
[Round "?"]
[White "Hogarth, Frank"]
[Black "Harrington, K."]
[Result "0-1"]
[WhiteElo "1605"]
[BlackElo "1605"]
[PlyCount "54"]
[EventDate "1995.??.??"]

{1/(20)} 1. e4 e5 2. Nf3 d6 3. Bc4 Bg4 4. h3 Bh5 5. d3 h6 6. Nc3 Nf6 7. Ne2
Bxf3 8. gxf3 Nbd7 9. f4 Nb6 10. Bb3 exf4 11. Nxf4 Qe7 12. f3 d5 13. Ne2 dxe4
14. fxe4 Nxe4 15. dxe4 Qh4+ 16. Kf1 Rd8 17. Bd2 Bc5 18. Rh2 Qxe4 19. Qe1 O-O
20. Bc3 Qf5+ 21. Kg2 Rfe8 22. Qg3 Rxe2+ 23. Kh1 Rxh2+ 24. Kxh2 Bd6 25. Rg1 Qf2+
26. Kh1 Bxg3 27. Rxg3 Qxg3 0-1

[Event "East Lansing (MOR/7/42)"]
[Site "?"]
[Date "1995.??.??"]
[Round "?"]
[White "Hogarth, Frank"]
[Black "Choate, Eric"]
[Result "1-0"]
[WhiteElo "1605"]
[BlackElo "1605"]
[PlyCount "29"]
[EventDate "1995.??.??"]

{7/(42)} 1. e4 e5 2. Nf3 Nc6 3. Bc4 Nf6 4. Ng5 Qe7 5. Bxf7+ Kd8 6. Bc4 Ke8 7.
Bf7+ Kd8 8. Nc3 h6 9. Nd5 Nxd5 10. Bxd5 Qxg5 11. O-O d6 12. d3 Qg6 13. Qf3 Nd4
14. Qf7 Qg5 15. Bxg5+ 1-0

[Event "East Lansing (Beg/1/6)"]
[Site "?"]
[Date "1995.??.??"]
[Round "?"]
[White "Hogarth, Frank"]
[Black "Charette, B."]
[Result "0-1"]
[WhiteElo "1605"]
[BlackElo "1605"]
[PlyCount "62"]
[EventDate "1995.??.??"]

{1/(6)} 1. e4 Nc6 2. Bc4 Nf6 3. Bb3 e6 4. Nf3 d5 5. e5 Ng4 6. Qe2 Bc5 7. Ba4
Bd7 8. c3 Bxf2+ 9. Kd1 d4 10. Qe4 Ngxe5 11. cxd4 Nxf3 12. Qxf3 Bxd4 13. Rf1 Ne5
14. Qe4 Bxa4+ 15. Ke1 Bc6 16. Qe2 Qh4+ 17. g3 Qg4 18. d3 Qxe2+ 19. Kxe2 Bb5 20.
Bf4 Bxd3+ 21. Kd2 Bxf1 22. Bxe5 Bxe5 23. Kc1 O-O-O 24. Nd2 Bd3 25. Nf3 Bf6 26.
Rb1 Bxb1 27. Kxb1 Rd3 28. Ne1 Rd1+ 29. Kc2 Rxe1 30. Kd2 Rh1 31. h4 Rh3 0-1

[Event "East Lansing (Class C/2/15)"]
[Site "?"]
[Date "1995.??.??"]
[Round "?"]
[White "Hill, M."]
[Black "Clark, N."]
[Result "0-1"]
[WhiteElo "1605"]
[BlackElo "1605"]
[PlyCount "91"]
[EventDate "1995.??.??"]

{2/(15)} 1. c4 e5 2. g3 Bc5 3. Bg2 d6 4. e3 Nf6 5. Nc3 c6 6. Nge2 Be6 7. d4
exd4 8. exd4 Bb6 9. d5 Bd7 10. Bg5 h6 11. Bxf6 Qxf6 12. O-O O-O 13. Qd2 Bf5 14.
Rad1 Bc7 15. Rfe1 a6 16. h3 c5 17. g4 Bg6 18. Qf4 Nd7 19. Qxf6 Nxf6 20. Nf4 Ba5
21. Nxg6 fxg6 22. Re6 Rad8 23. Ne4 Bc7 24. g5 Nxe4 25. Bxe4 hxg5 26. Rxg6 Rf4
27. f3 Rh4 28. Kh2 Rf8 29. Rxg5 Bd8 30. Rg6 Bf6 31. Rg4 Rxg4 32. hxg4 Bxb2 33.
Rb1 Be5+ 34. Kg2 Rb8 35. Rh1 b5 36. cxb5 axb5 37. Kh3 Ra8 38. Bb1 c4 39. Kh4
Kf7 40. f4 Rh8+ 41. Kg3 Bxf4+ 42. Kxf4 Rxh1 43. Bf5 Ra1 44. Kg5 Rxa2 45. Be6+
Kf8 46. Kf4 0-1

[Event "East Lansing (MOR/7/24)"]
[Site "?"]
[Date "1995.??.??"]
[Round "?"]
[White "Hill, Brad"]
[Black "Tsuji, J."]
[Result "0-1"]
[WhiteElo "1605"]
[BlackElo "1605"]
[PlyCount "70"]
[EventDate "1995.??.??"]

{7/(24)} 1. d4 Nf6 2. c4 e6 3. Nc3 Bb4 4. Bg5 c5 5. e3 Qa5 6. Bd3 Bxc3+ 7. bxc3
Qxc3+ 8. Ke2 Qb2+ 9. Bc2 Ne4 10. Qd3 Nxg5 11. Rb1 Qxa2 12. Rb3 Qa5 13. Rb5 Qd8
14. Rxc5 b6 15. Rb5 Ba6 16. Rb2 d5 17. Ba4+ Nd7 18. Bb5 Bxb5 19. Rxb5 dxc4 20.
Qxc4 O-O 21. Qc6 Rc8 22. Qb7 Rc7 23. Qa6 Ne4 24. Kd3 Nxf2+ 25. Kd2 Nxh1 26. Rh5
Nf6 27. Rh4 Rc8 28. Qd3 Nf2 29. Qb1 N2e4+ 30. Rxe4 Nxe4+ 31. Qxe4 a5 32. Nf3 h6
33. Ne5 a4 34. d5 exd5 35. Qxa4 Qe8 0-1

[Event "Detroit (WCO/2/5)"]
[Site "?"]
[Date "1995.??.??"]
[Round "?"]
[White "Hill, Brad"]
[Black "Schey, Danny"]
[Result "1/2-1/2"]
[WhiteElo "1605"]
[BlackElo "1780"]
[PlyCount "84"]
[EventDate "1995.??.??"]

{2/(5)} 1. d4 Nf6 2. c4 g6 3. Nf3 Bg7 4. Nc3 O-O 5. e4 d6 6. Bd3 Nc6 7. O-O e5
8. d5 Ne7 9. Bg5 h6 10. Bxf6 Bxf6 11. b3 Bg7 12. b4 f5 13. Nd2 c6 14. a4 cxd5
15. Nxd5 Nxd5 16. cxd5 Bd7 17. b5 Rc8 18. Rc1 Qg5 19. Rxc8 Rxc8 20. exf5 gxf5
21. Nf3 Qf4 22. g3 Qb4 23. Qb1 Qxb1 24. Bxb1 Rc4 25. Kg2 Rxa4 26. Rc1 e4 27.
Nh4 Ra1 28. Rc7 Bxb5 29. Nxf5 Rxb1 30. Rxg7+ Kf8 31. Rg6 Be2 32. g4 Bf3+ 33.
Kg3 h5 34. gxh5 Bxh5 35. Rxd6 b5 36. Kf4 Bf3 37. Ra6 b4 38. d6 Rd1 39. Rxa7 b3
40. Ra8+ Kf7 41. Rb8 Rd3 42. Rb7+ Ke8 1/2-1/2

[Event "East Lansing (MOR/3/25)"]
[Site "?"]
[Date "1995.??.??"]
[Round "?"]
[White "Hill, Brad"]
[Black "Pointer, Gilbert"]
[Result "0-1"]
[WhiteElo "1605"]
[BlackElo "1605"]
[PlyCount "102"]
[EventDate "1995.??.??"]

{3/(25)} 1. d4 d6 2. e4 Nf6 3. Nc3 Nc6 4. f4 g6 5. Be3 Bg7 6. d5 Nb4 7. Bd2 Ng4
8. a3 Na6 9. h3 Nf6 10. Nf3 Nc5 11. Bd3 Nxd3+ 12. cxd3 O-O 13. g4 c6 14. dxc6
bxc6 15. e5 Nd7 16. d4 Rb8 17. b4 Ba6 18. Rc1 Nb6 19. h4 Nc4 20. h5 Nb2 21. Qc2
Nd3+ 22. Kd1 Nf2+ 23. Ke1 Nxh1 24. hxg6 fxg6 25. f5 Ng3 26. Ng5 Bc8 27. Bf4
Nxf5 28. gxf5 Bxf5 29. Qh2 h6 30. e6 hxg5 31. Bxg5 Bxe6 32. Kd2 Qb6 33. Ne2 Bg4
34. Bxe7 Rfe8 35. Rh1 Bh5 36. Qxd6 Rbd8 37. Qe6+ Kh7 38. Rxh5+ gxh5 39. Qf5+
Kg8 40. Qe6+ Kh8 41. Qf7 Rxd4+ 42. Ke1 Rxe7 43. Qxe7 Rd8 44. Qg5 Rd5 45. Qg6
Qd8 46. Qc2 Qh4+ 47. Kf1 Re5 48. Nf4 Qxf4+ 49. Kg1 Rg5+ 50. Kh1 Qf3+ 51. Kh2
Be5# 0-1

[Event "Detroit (MI Team/2/2/4)"]
[Site "?"]
[Date "1995.??.??"]
[Round "?"]
[White "Hill, Brad"]
[Black "Munsell, T."]
[Result "0-1"]
[WhiteElo "1605"]
[BlackElo "1605"]
[PlyCount "120"]
[EventDate "1995.??.??"]

{2/2} 1. e4 e5 2. Nf3 Nf6 3. Nc3 d6 4. h3 Be6 5. d4 exd4 6. Nxd4 Bd7 7. Bc4 Nc6
8. O-O Ne5 9. Bb3 Be7 10. f4 Ng6 11. Be3 O-O 12. g4 c5 13. Nf3 Bc6 14. Nd2 b5
15. g5 Nd7 16. Bd5 Qb6 17. Kf2 Kh8 18. h4 b4 19. Bxc6 Qxc6 20. Nd5 Rfe8 21. h5
Ngf8 22. f5 Nb6 23. f6 gxf6 24. gxf6 Bd8 25. Qg4 Ne6 26. Qf5 Qc8 27. Rg1 Nxd5
28. exd5 Nd4 29. Qg5 Qf5+ 30. Qxf5 Nxf5 31. Nc4 Nxe3 32. Nxd6 Rf8 33. Kxe3 Bxf6
34. Ke4 Rad8 35. Nc4 Rfe8+ 36. Kf5 Bd4 37. Rg2 Rxd5+ 38. Kf4 Rxh5 39. Nd6 Rf8
40. Re1 Rh6 41. Nxf7+ Rxf7+ 42. Kg4 Rg6+ 43. Kh3 Rxg2 44. Kxg2 Bxb2 45. Re8+
Kg7 46. Rc8 Bd4 47. Kg3 a5 48. Kg4 Kg6 49. Rc6+ Rf6 50. Rc7 h5+ 51. Kh4 Rf3 52.
Rc6+ Bf6+ 53. Rxf6+ Kxf6 54. Kxh5 a4 55. Kg4 Rf2 56. c3 bxc3 57. a3 c2 58. Kh3
c1=Q 59. Kg4 Qg1+ 60. Kh5 Rh2# 0-1